000
00317nam a22001337a 4500
020
_a
978-93-86905-52-9
082
_a
894.812.3
_b
ARI/T
100
_a
ARIMBOOR,VARGHESE
245
_a
THAVALABHAGAVATHARUDE KACHERI
260
_a
THRISSUR
_b
H&C PUBLISHING HOUSE
300
_a
144
650
_a
STORY
_z
KERALA
942
_c
BK
999
_c
7104
_d
7104